Residential interior design : (Record no. 31173)

MARC details
000 -LEADER
fixed length control field 02669cam a2200409 i 4500
001 - CONTROL NUMBER
control field on1288631239
003 - CONTROL NUMBER IDENTIFIER
control field EG-ScBUE
005 - DATE AND TIME OF LATEST TRANSACTION
control field 20260406102335.0
008 - FIXED-LENGTH DATA ELEMENTS--GENERAL INFORMATION
fixed length control field 211215s2022 njuae f b 001 0 eng d
020 ## - INTERNATIONAL STANDARD BOOK NUMBER
International Standard Book Number 9781119653424
035 ## - SYSTEM CONTROL NUMBER
System control number (OCoLC)1288631239
040 ## - CATALOGING SOURCE
Original cataloging agency SFR
Language of cataloging eng
Description conventions rda
Transcribing agency SFR
Modifying agency UKMGB
-- OCLCF
-- OCLCO
-- OCLCQ
-- SVW
-- OCLCO
-- EG-ScBUE
082 04 - DEWEY DECIMAL CLASSIFICATION NUMBER
Classification number 728.37
Edition number 22
Item number MIT
100 1# - MAIN ENTRY--PERSONAL NAME
Personal name Mitton, Maureen,
Relator term author.
245 10 - TITLE STATEMENT
Title Residential interior design :
Remainder of title a guide to planning spaces /
Statement of responsibility, etc Maureen Mitton, CID, NCIDQ, Courtney Nystuen, AIA EMERITUS ; with additional illustrations by Melissa Brewer, Jamey Bowe, Shelley Pecha, and Emily Pingel.
250 ## - EDITION STATEMENT
Edition statement Fourth edition.
264 #1 - PUBLICATION, DISTRIBUTION, ETC. (IMPRINT)
Place of publication, distribution, etc Hoboken, New Jersey :
Name of publisher, distributor, etc John Wiley & Sons, Inc.,
Date of publication, distribution, etc [2022]
264 #4 - PUBLICATION, DISTRIBUTION, ETC. (IMPRINT)
Date of publication, distribution, etc ©2022
300 ## - PHYSICAL DESCRIPTION
Extent ix, 292 pages :
Other physical details illustrations, plans ;
Dimensions 28 cm
336 ## - CONTENT TYPE
Content type term text
Content type code txt
Source rdacontent
337 ## - MEDIA TYPE
Media type term unmediated
Media type code n
Source rdamedia
338 ## - CARRIER TYPE
Carrier type term volume
Carrier type code nc
Source rdacarrier
500 ## - GENERAL NOTE
General note Includes appendices.
504 ## - BIBLIOGRAPHY, ETC. NOTE
Bibliography, etc Includes bibliographical references and index.
505 0# - FORMATTED CONTENTS NOTE
Formatted contents note Introduction -- Basic design graphics and sample project -- Entrances and circulation spaces -- Social and leisure spaces -- Kitchens -- Bedrooms -- Bathrooms -- Utility and work spaces -- Sample project and related drawings -- Basic light frame residential construction -- Notes on remodeling -- Appendices.
520 ## - SUMMARY, ETC.
Summary, etc In the newly revised Fourth Edition of Residential Interior Design: A Guide to Planning Spaces, an accomplished team of design professionals delivers the gold standard in practical, human-centered residential interior design. Authors Maureen Mitton and Courtney Nystuen explore every critical component of interior architecture from the perspective of ergonomics and daily use. The text functions as a guide for interior design students and early-career professionals seeking a handbook for the design of livable, functional, and beautiful spaces. It includes hundreds of drawings and photographs that illustrate key concepts in interior design, as well as room-by-room coverage of applicable building codes and sustainability standards. The authors also cover all-new applications of smart building technology and updated residential building codes and accessibility standards.
650 #7 - SUBJECT ADDED ENTRY--TOPICAL TERM
Topical term or geographic name as entry element Interior architecture.
Source of heading or term BUEsh
650 #7 - SUBJECT ADDED ENTRY--TOPICAL TERM
Topical term or geographic name as entry element Dwellings
General subdivision Planning.
Source of heading or term BUEsh
650 #7 - SUBJECT ADDED ENTRY--TOPICAL TERM
Topical term or geographic name as entry element Dwellings
Form subdivision Specifications.
Source of heading or term BUEsh
653 ## - INDEX TERM--UNCONTROLLED
Arrived date list April2026
Resource For college Arts and Design
655 ## - INDEX TERM--GENRE/FORM
Form subdivision Reading book
700 1# - ADDED ENTRY--PERSONAL NAME
Personal name Nystuen, Courtney,
Relator term author.
700 1# - ADDED ENTRY--PERSONAL NAME
Personal name Brewer, Melissa,
Relator term illustrator.
700 1# - ADDED ENTRY--PERSONAL NAME
Personal name Pecha, Shelley,
Relator term illustrator.
700 1# - ADDED ENTRY--PERSONAL NAME
Personal name Bowe, Jamey,
Relator term illustrator.
942 ## - ADDED ENTRY ELEMENTS (KOHA)
Source of classification or shelving scheme Dewey Decimal Classification
Koha item type Book - Borrowing
Holdings
Withdrawn status Lost status Source of classification or shelving scheme Damaged status Not for loan Collection code Home library Current library Shelving location Date acquired Source of acquisition Cost, normal purchase price Serial Enumeration / chronology Total Checkouts Full call number Barcode Date last seen Cost, replacement price Price effective from Koha item type
    Dewey Decimal Classification     Baccah Central Library Central Library Second Floor 06/04/2026 Purchase 4570.00 40179   728.37 MIT 000057588 06/04/2026 5712.50 06/04/2026 Book - Borrowing